abc the14th ペーパー通過者 - Statistics

General Stats
  • This quiz has been taken 3 times
  • The average score is 13 of 48
Answer Stats
順位 所属 学年 Answer % Correct
3 東京大 大3 伊沢拓司
100%
1 大阪大 大4 萬谷祥輝
33%
2 東京大 大3 鈴木淳之介
33%
6 慶應義塾大 大3 浅間匠
33%
7 千葉大 大3 松田健見
33%
8 関西大 大2 柳澤多功斗
33%
9 神奈川大 大2 中岡啓将
33%
10 早稲田大 大3 岩渕圭一郎
33%
11 京都大 大4 井上良
33%
12 名古屋市大 大4 武藤大貴
33%
13 開成高 高3 池内敦
33%
14 東京大 大3 島田翔平
33%
15 大阪大 大3 高野望
33%
17 開成高 高1 吉原主税
33%
18 早稲田大 大4 岡崎爽
33%
19 関西学院大 大3 北田吏
33%
20 早稲田大 大4 安藤出海
33%
22 東京大 大1 小林逸人
33%
23 京都大 大4 須藤駿
33%
24 京都大 大1 中江一統
33%
25 東京大 大3 荻田直道
33%
26 慶應義塾大 大3 佐藤顕司
33%
27 東京学芸大 大3 森川文彦
33%
29 早稲田大 大4 佐谷政裕
33%
30 早稲田大 大4 長井和也
33%
31 川越東高 高2 上山航生
33%
33 明治大 大2 石原盛夏
33%
34 早稲田大 大2 森田爽斗
33%
35 京都大 大2 折井悟
33%
38 南山大 大4 原崇大
33%
39 慶應義塾大 大2 五十嵐渉
33%
40 関西学院高 高3 寺田高志
33%
41 開成高 高3 加瀬主税
33%
42 東京大 大1 岡本遼太郎
33%
44 東京大 大4 廣瀬哲
33%
46 開成高 高3 谷口貴紀
33%
48 関西学院高 高3 山下紘大
33%
4 京都大 大3 北村諒太
0%
5 千葉大 大3 原滉明
0%
16 京都大 大4 福塚清嵩
0%
21 東京大 大2 鈴木耀介
0%
28 慶應義塾大 大3 中尾祐介
0%
32 早稲田大 大4 松岡祥希
0%
36 中央大 大4 原佑太朗
0%
37 京都大 大2 小島颯太
0%
43 早稲田高 高1 江上大介
0%
45 開成高 高1 宮崎裕太
0%
47 同志社大 大2 託見健太
0%
No matching quizzes found
Score Distribution
Percent of People with Each Score
Percentile by Number Answered
Your Score History
You have not taken this quiz